00477nam a22001577a 4500010001500000020002600015035001500041037001300056082001100069245007400080260004400154270006900198300002200267505000600289700002400295 aENG-120499 a9788190941624c500.00 aEN- 104031 bDBAD/PUB a881.08 aNissim Ezekiel:bA critical companion/cEditied by G.S Balarama Gupta aNew DelhibPencraft Internationalc2010 aSales Office : 4262/3, Ansari Road, DaryaganjbNew Delhie110052 a200p. c22cm(Hb). a  aGupta,G.S. Balarama